002610000a2200061000450024501080000030000620010877300290017010aLesson from the knotted dress : How the poverty of a pastor's family moved Gregorio Landero into action aVol. 74, Num. 3 (Julio-Septiembre, 1994), Páginas 10-110 tLatin America Evangelist